El manejo alemán de la crisis europea (Registro nro. 31173)
[ vista simple ]
| 000 -LEADER | |
|---|---|
| fixed length control field | 00396 a2200133 4500 |
| 001 - CONTROL NUMBER | |
| control field | ART_46787 |
| 005 - DATE AND TIME OF LATEST TRANSACTION | |
| control field | 20260410162000.0 |
| 008 - FIXED-LENGTH DATA ELEMENTS--GENERAL INFORMATION | |
| fixed length control field | 260409a |
| 100 1# - MAIN ENTRY--PERSONAL NAME | |
| Personal name | Taccetti, Victorio |
| 245 10 - TITLE STATEMENT | |
| Title | El manejo alemán de la crisis europea |
| 700 1# - ADDED ENTRY--PERSONAL NAME | |
| Personal name | Azpiazu, Luis Alfredo |
| 700 1# - ADDED ENTRY--PERSONAL NAME | |
| Personal name | Fuhr, Luis |
| 773 0# - HOST ITEM ENTRY | |
| Title | Archivos del presente |
| Related parts | - Año 16, Nº 57/58 (ene. 2012) |
| Record control number | REV28180 |
No hay ítems disponibles.